Online Catalogue and eLibrary

M.S (Record no. 3744)

MARC details
000 -LEADER
fixed length control field 00335nam a2200145Ia 4500
005 - DATE AND TIME OF LATEST TRANSACTION
control field 20250322140156.0
008 - FIXED-LENGTH DATA ELEMENTS--GENERAL INFORMATION
fixed length control field 240331s9999 xx 000 0 und d
082 ## - DDC Classification
Item Number - Author Mark MAA
Class No. 894
100 ## - MAIN ENTRY--PERSONAL NAME
Personal name Maalan,
245 #0 - TITLE STATEMENT
Title M.S
260 ## - PUBLICATION, DISTRIBUTION, ETC.
Place of publication, distribution, etc. Chennai
Name of publisher, distributor, etc. Pooncholai Pathipagam
Date of publication, distribution, etc. 1995
300 ## - PHYSICAL DESCRIPTION
Extent (e.g. Volumes, Pages etc.) 128 p .,
650 ## - SUBJECT ADDED ENTRY--TOPICAL TERM
Topical term or geographic name entry element Tamil Social Novel
942 ## - Koha item type (Biblio)
Koha item type Books in Stacks (Lending)
Holdings
Lost status Damaged status Collection code Home library Current library Shelving location Date acquired Full call number Accession Number Item type
    Lending WERC Library WERC Library Social Science Cupboard 03/31/2024 894.811 MAA 4522 Books in Stacks (Lending)

© WERC Library